000 01705nam a2200457 i 4500
001 42337
003 FINmELB
005 20241216222034.0
006 m o u
007 cr cn|||||||||
008 210303s2017 sp ob 001 0 spa d
020 _a9788491047810
_q(e-book)
035 _a(OCoLC)1241984414
040 _aFINmELB
_bspa
_erda
_cFINmELB
050 4 _aQP360.5
_bM673 2017
080 _a159.953.5
080 _a612.821.2/.3
082 0 4 _a612.8233
_223
100 1 _aMora, Francisco
_q(Mora Teruel),
_eautor.
240 1 0 _aNeuroeducación
245 1 0 _aNeuroeducación :
_bsolo se puede aprender aquello que se ama /
_cFrancisco Mora.
250 _aSegunda edición revisada y ampliada.
264 1 _aMadrid :
_bAlianza Editorial,
_c2017.
300 _a1 recurso en línea (245 páginas)
336 _atexto
_btxt
_2rdacontent/spa
337 _acomputadora
_bc
_2rdamedia/spa
338 _arecurso en línea
_bcr
_2rdacarrier/spa
504 _aBibliografía: páginas [227]-240. Índice.
588 _aDescripción basada en metadatos suministrados por el editor y otras fuentes.
590 _aRecurso electrónico. Santa Fe, Arg.: elibro, 2021. Disponible vía World Wide Web. El acceso puede estar limitado para las bibliotecas afiliadas a elibro.
650 4 _aAprendizaje cognitivo.
650 4 _aNeurociencia cognitiva.
650 0 _aCognitive neuroscience.
650 0 _aCognitive learning.
655 4 _aLibros electrónicos.
797 2 _aelibro, Corp.
856 4 0 _uhttps://elibro.net/ereader/politecnicointernacional/122878
999 _c42337
_d42337